000 00649nam a22001937a 4500
005 20150811113544.0
010 _aENG-113595
020 _a9780415811941
_c1195.00
035 _aEN-97127
037 _bDBAD/PUB
082 _a954.162
100 _aSaikia, Arupjyoti
245 _aA century of protests :
_cby Arupjyoti Saikia
_bpeasant politics in Assam since 1900 /
260 _aNew Delhi
_bRoutledge
_c2014
270 _a912 Tolstoy House, 15-17 Tolstoy Marg, Connaught Place
_bNew Delhi
_e110001
300 _axvi,480p.
_c23cm(Hb)
500 _aIncludes bibliographical references and index
942 _2ddc
_cEN
_mSAI
_h954.162
999 _c95169
_d95169